แสดงรายละเอียดบรรณานุกรม
  กลับหน้าหลัก

Brief Record : Get Marc (ISO 2709) : E-mail record : QR code ปิดหน้าต่าง
E-books : เกี่ยวกับ Collections
LEADER 00000nama 2200000uu 4500
001    197407
003     ULIBM
008    040531s|||| th m m a000 0 tha d
020    978-974-323-923-6
041    tha
050    QC981.8G56 ก363 2550
100    กอร์,อัล.
245    โลกร้อน : ความจริงที่ไม่มีใครอยากฟัง = An inconvenient troth เปิดโปงวิกฤตสิ่งแวดล้อมและทางรอดของมวลมนุษย์ / อัล กอร์ ; ผู้แปล คุณากร
250    พิมพ์ครั้งที่ 4.
260    กรุงเทพฯ มติชน. 2550.
300    325 หน้า.
440    สารคดี.
500    แปลจากAn inconvenient troth.
650    1. การอุ่นขึ้นของโลก--วรรณกรรมสำหรับเด็ก. 2. ปรากฎการณ์เรือนกระจก--วรรณกรรมเด็ก. 3. การเปลี่ยนแปลงภูมิอากาศโลก--วรรณกรรมเด็ก.
995    001
รายการนี้ยังไม่มีแท็ก
คุณยังไม่ได้ล็อกอิน คุณสามารถมีกิจกรรมร่วมกับเว็บไซต์ได้ แต่ต้องล็อกอินก่อน ::
  ล็อกอิน
ลำดับที่ ประเภท เลขเรียก สถานที่ สถานะ
1. หนังสือทั่วไป
หนังสือทั่วไป
สถานะ=หนังสือเก่า - บริการ ณ ห้องสมุด (ห้องเหลือง)
QC981.8G56 ก363 2550  
  
หนังสือทั่วไป On Shelf
  ขอยืม
   [แสดง 1/1 รายการ]

BibComment


ยังไม่เคยถูกคอมเมนท์

คอมเมนท์ทรัพยากรรายการนี้
  คอมเมนท์: โลกร้อน ความจริง..
Bib 197407

 
 
 

 Union Library Management : ULibM
Copyright 2026. All Rights Reserved.
скачать бесплатно без регистрации порно красивый секс HD Sex Hindi sex

xxx gou

xxxx

bfxxx

xxxwww

Секса Видео

xxxx

Секса Видео

detube

geilexxx

C99 Shell

worms shell

blod xxx video
Ebony Coed Rihanna Rimes Takes A Dick In Her Young Twat priyaa indian fuck anal and pusssy hardcore indian women xxx desi hardcore fucking part 1 bengalixxxcouple